Представление документа в формате MARC21

Поле Инд. ПП Название Значение
Тип записи a
Библиографический уровень m
001 Контрольный номер f6d98998-6a8c-47ee-8cd3-bcb6aa01badc
005 Дата корректировки 20140703123448.9
008 Кодируемые данные 031217
020 a ISBN 5-03-003470-6
c Цена, тираж 360.00
020 a ISBN 5-17-018760-2
040 a Служба первич. каталог. НБ ТвГУ
041 a Код языка текста rus
080 a Индекс УДК 541.1(075.8)
084 a Индекс другой классификации/Индекс ББК Г5я73-1
090 x Авторский знак П25
a Полочн. индекс Г5
100 1_ a Автор Пентин Юрий Андреевич
245 10 a Заглавие Физические методы исследования в химии
b Продолж. заглавия Учеб. для студентов вузов, обучающихся по специальности 011000"Химия" и направлению подгот. 510500 "Химия"
c Ответственность Ю. А. Пентин, Л. В. Вилков
260 0_ a Место издания Москва
b Издательство Мир
c Дата издания 2003
b Издательство АСТ
300 a Объем 683 с.
b Иллюстрации/ тип воспроизводства ил., табл.
440 a Серия Методы в химии
504 a Библиография Библиогр.: с.658-661.
a Библиография Предм. указ.: с.662-673.
583 a Действие Получение впервые 328 09.12.2003
k Исполнитель действия Акт передачи
650 a Основная рубрика Химия
x Основная подрубрика Исследование
x Основная подрубрика Физические методы
650 a Основная рубрика Физическая химия
x Основная подрубрика Учебники для вузов
653 a Ключевые слова Химия
a Ключевые слова Физические методы
a Ключевые слова Физическая химия
a Ключевые слова Спектральные методы
a Ключевые слова Спектроскопия
a Ключевые слова Резонансные методы
a Ключевые слова Электрооптические методы
700 1_ a Другие авторы Вилков Лев Васильевич
e Роль лиц авт.
852 t Порядковый номер экземпляра 2
p Инвентарный номер 773322
p Инвентарный номер 773323
888 a За счет средств "ИнноЦентра"
930 a Новая/Ретро учебники
952 p 328.2003 360.00 1 773322
p 328.2003 360.00 1 773323
c Вид литературы К ру
954 a Дата поступления на обработку 20040117
999 a Подразделение 2 Фил3